000 01071cam a22002295a 4500
001 L160181
008 181011s2018 xxk f 000 0 eng d
020 _a9780749480493
035 _a(Sirsi) u160181
041 0 _aeng
050 0 4 _a692.8
100 1 _aMcLennan, Norman
245 i _aCollaborative principles for better supply chain practice
_bValue creation up, down and across supply chains
260 _aLondon
_bKogan Page
_c2018
300 _axix, 267p ; 24 cm
520 _aDiscusses the rationale for collaborative business practices across the supply chain. looks at what drives the supply chain, highlights importance of stakeholder engagement, and compares commercial risk and pricing considerations associated with collaborative working versus traditional contracting arrangements. Concludes with 4 cases studies of exemplar historical collaborative practice and 4 of current exemplar collaborative practice.
650 2 4 _aSUPPLY CHAIN
650 2 4 _aCOLLAPSE
651 4 _aUnited Kingdom
690 _aBusiness and management
942 _n0
_2ddc
999 _c116263
_d116263